Study Guide to Accompany Modern Microeconomics Analysis and Applications
Gespeichert in:
| 1. Verfasser: | |
|---|---|
| Format: | Buch |
| Sprache: | Englisch |
| Veröffentlicht: |
Homewood
IRWIN
1989
|
| Ausgabe: | 2nd Edition |
| Schlagworte: | |
| Tags: |
Keine Tags, Fügen Sie das erste Tag hinzu!
|
MARC
| LEADER | 00000nam a2200000 4500 | ||
|---|---|---|---|
| 001 | 0262883 | ||
| 005 | 20240111123348.9 | ||
| 020 | |a 0-256-07486-0 | ||
| 041 | 0 | |a eng | |
| 044 | |a US | ||
| 245 | 1 | 0 | |a Study Guide to Accompany Modern Microeconomics |b Analysis and Applications |c David N. Hyman |
| 250 | |a 2nd Edition | ||
| 264 | 1 | |a Homewood |b IRWIN |c 1989 | |
| 300 | |a 255 s. | ||
| 610 | 2 | 0 | |a ekonómia |
| 610 | 2 | 0 | |a veda ekonomická |
| 610 | 2 | 0 | |a mikroekonomika |
| 610 | 2 | 0 | |a analýzy |
| 100 | 1 | |a Hyman, David N. | |